| 000 | 00625cam a22001817a 4500 | ||
|---|---|---|---|
| 008 | 180718b2017 xxu||||| |||| 00| 0 eng d | ||
| 020 | _a9789351282716 | ||
| 082 | _aA99 Am16/5 | ||
| 100 | _aAmbedkar, B.R. | ||
| 245 |
_aWho were the shudras ? : how they came to be the fourth varna in the Indo-Aryan society _cby B.R. Ambedkar |
||
| 260 |
_aDelhi _bKalpaz _c2017 |
||
| 300 | _a259p. | ||
| 440 | _aTreasure of Ambedkar series 05 | ||
| 650 | _aCaste -- India | ||
| 650 | _aIndia -- Social conditions | ||
| 650 | _aDalits -- India | ||
| 650 | _aAmbedkar, B. R. -- (Bhimrao Ramji), -- 1891-1956 -- Political and social views | ||
| 999 |
_c445461 _d445461 |
||